000 00755nam a2200229 a 4500
001 34880
003 BD-RjUL
005 20211209052227.0
008 140519s1961 enka 001 0 eng d
035 _a(BD-RjUL)34974
040 _aBD-RjUL
_beng
_cBD-RjUL
_dBD-RjUL
041 _aeng
082 _a371.8
_bCOS 1961
100 1 _aCormack, Margaret Lawson,
_d1912-
_9106183
245 1 0 _aShe who rides a peacock :
_bIndian students and social change : a research analysis /
_cMargaret L. Cormack.
260 _aLondon :
_bAsia Publishing House,
_c1961.
300 _axiii, 264 p. ;
_c23 cm.
504 _aIncludes bibliographical footnotes and index.
650 0 _aStudents
_zIndia
_9106184
651 0 _aIndia
_xSocial conditions
_9106185
942 _2ddc
_cBK
999 _c34880
_d34880